[Event "TUR-ch Youth"]
[Site "Denizli"]
[Date "2022.05.28"]
[Round "8"]
[White "Eke, Salih"]
[Black "Manas, Eren"]
[Result "1-0"]
[WhiteElo "2063"]
[BlackElo "1437"]
[PlyCount "123"]
[EventDate "2022.05.24"]
[EventType "swiss"]
[EventRounds "9"]
[EventCountry "TUR"]
[SourceTitle "EXT 2023"]
[Source "ChessBase"]
[SourceDate "2022.10.05"]
[SourceVersion "1"]
[SourceVersionDate "2022.10.05"]
[SourceQuality "1"]

1. d4 Nf6 2. c4 g6 3. g3 Bg7 4. Bg2 0-0 5. Nf3 d6 6. 0-0 Nbd7 7. Nc3 e5 8. dxe5 dxe5 9. h3 Qe7 10. Be3 a6 11. Rc1 Re8 12. Nd5 Nxd5 13. cxd5 Qd6 14. Nd2 Nf6 15. Bc5 Qd8 16. e4 b6 17. Be3 Bb7 18. Rc3 Rc8 19. Qc2 Bf8 20. Rc1 Bd6 21. a3 b5 22. Nb3 Nd7 23. Na5 Ba8 24. b4 Rb8 25. Ba7 Rc8 26. h4 Qe7 27. Bh3 Rcd8 28. Be3 Nb6 29. Bg5 f6 30. Bh6 Rb8 31. Be6+ Kh8 32. Qd2 Nd7 33. Qe3 Nf8 34. Bh3 Rb6 35. Nb3 Bb7 36. Kh2 Rd8 37. Na5 Re8 38. Nc6 Bxc6 39. Rxc6 Rxc6 40. Rxc6 Ra8 41. Qc3 Qd8 42. Be3 Nd7 43. Bxd7 Qxd7 44. Bc5 Rd8 45. Bxd6 cxd6 46. Rxa6 Qg4 47. f3 Qh5 48. Qc7 Rf8 49. Qxd6 Qh6 50. Ra7 g5 51. h5 Qxh5+ 52. Kg2 Qh6 53. g4 Rc8 54. Rc7 Rxc7 55. Qxc7 Qh4 56. Qf7 h6 57. Qxf6+ Kh7 58. Qe7+ Kg6 59. Qd6+ Kh7 60. Qc7+ Kg8 61. Qb8+ Kh7 62. Qa7+ 1-0

[Event "TUR-ch Youth"]
[Site "Denizli"]
[Date "2022.05.26"]
[Round "4"]
[White "Temizer, Umut"]
[Black "Manas, Eren"]
[Result "1-0"]
[WhiteElo "1956"]
[BlackElo "1437"]
[PlyCount "107"]
[EventDate "2022.05.24"]
[EventType "swiss"]
[EventRounds "9"]
[EventCountry "TUR"]
[SourceTitle "EXT 2023"]
[Source "ChessBase"]
[SourceDate "2022.10.05"]
[SourceVersion "1"]
[SourceVersionDate "2022.10.05"]
[SourceQuality "1"]

1. e4 c5 2. Nf3 Nc6 3. d4 cxd4 4. Nxd4 g6 5. c4 Bg7 6. Be3 Nf6 7. Nc3 0-0 8. Nc2 d6 9. Be2 Nd7 10. Qd2 a5 11. f3 Nc5 12. 0-0 a4 13. Rab1 Qa5 14. Bh6 Ne6 15. Be3 Nc5 16. Rfc1 Bd7 17. Bh6 Ne6 18. Bxg7 Kxg7 19. b4 axb3 20. axb3 Nb4 21. Kh1 Bc6 22. Nd5 Nxc2 23. Qxc2 Nd4 24. Qb2 e5 25. Ra1 Qd8 26. Rxa8 Qxa8 27. Nc3 Qd8 28. b4 Qg5 29. Rd1 f5 30. Bd3 Qh5 31. b5 Bd7 32. exf5 gxf5 33. f4 Kh8 34. Be2 Qh6 35. fxe5 dxe5 36. Bf1 Qg7 37. Ne2 Nxe2 38. Bxe2 Be6 39. c5 Rg8 40. Bf1 e4 41. Qxg7+ Kxg7 42. Rd6 Re8 43. b6 Kf7 44. Bb5 Rc8 45. c6 bxc6 46. Rxc6 Rb8 47. Rc7+ Kf6 48. b7 Ke5 49. Kg1 Kf4 50. Ba6 e3 51. Rc8 Bxc8 52. bxc8Q Rb1+ 53. Bf1 e2 54. Qc4+ 1-0